Literature A-B Quiz Stats

 Plays Quiz not verified by Sporcle

Challenge
Share
Tweet
Embed
Score 0/115 Timer 15:00
0 Plays Today
Book Author % Correct
1984George Orwell
97.1%
The Adventures of Tom SawyerMark Twain
97.1%
Brave New WorldAldous Huxley
97.1%
The Adventures of Huckleberry FinnMark Twain
94.1%
Alice Through the Looking GlassLewis Carroll
94.1%
Anna KareninaLeo Tolstoy
94.1%
Alice in WonderlandLewis Carroll
91.2%
Around the World in Eighty DaysJules Verne
91.2%
Atlas ShruggedAyn Rand
91.2%
Breakfast at Tiffany'sTruman Capote
91.2%
A Brief History of TimeStephen Hawking
91.2%
The Bell JarSylvia Plath
88.2%
Bleak HouseCharles Dickens
88.2%
Angels and DemonsDan Brown
88.2%
As I Lay DyingWilliam Faulkner
85.3%
The Brothers KaramazovFyodor Dostoyevsky
85.3%
Brideshead RevisitedEvelyn Waugh
82.4%
2001: A Space OdysseyArthur C Clarke
79.4%
The Age of InnocenceEdith Wharton
79.4%
Battlefield EarthL Ron Hubbard
79.4%
BelovedToni Morrison
79.4%
Absalom, AbsalomWilliam Faulkner
76.5%
Adam BedeGeorge Eliot
76.5%
Angela's AshesFrank McCourt
76.5%
AntigoneSophocles
76.5%
The Big SleepRaymond Chandler
76.5%
Black BeautyAnna Sewell
76.5%
All Quiet on the Western FrontErich Maria Remarque
73.5%
The American DictionaryNoah Webster
73.5%
An American TragedyTheodore Dreiser
73.5%
The Autobiagraphy of Alice B. ToklasGertrude Stein
73.5%
Being and NothingnessJean Paul Sartre
73.5%
Billy BuddHerman Melville
73.5%
The AeneidVirgil
70.6%
Anne of Green GablesL M Montgomery
70.6%
The Bonfire of the VanitiesThomas Wolfe
70.6%
Breakfast of ChampionsKurt Vonnegut
70.6%
Alphabet MysteriesSue Grafton
67.6%
The Border (trilogy)Cormac McCarthy
67.6%
Book Author % Correct
AlaskaJames Michener
64.7%
All the King's MenRobert Penn Warren
64.7%
The Birds of AmericaJohn Audubon
64.7%
The AmbassadorsHenry James
61.8%
Billions and BillionsCarl Sagan
61.8%
The Birds (modern)Daphne du Maurier
61.8%
Boris GodunovAlexander Pushkin
61.8%
87th PrecinctEd McBain
58.8%
The Bald SopranoEugene Ionesco
58.8%
AirportArthur Hailey
55.9%
The AmericansHenry James
55.9%
The American LanguageH L Mencken
55.9%
And Quiet Flows the DonMikhail Sholokhov
55.9%
The Andromeda StrainMichael Crichton
55.9%
The Beautiful and the DamnedF Scott Fitzgerald
55.9%
The Birds (ancient)Aristophanes
55.9%
The BostoniansHenry James
55.9%
The Boys from BrazilIra Levin
55.9%
The Accidental TouristAnne Tyler
52.9%
Alexandrian's GeographyPtolemy
52.9%
AnalectsConfucius
52.9%
The Bridges at Toko-RiJames Michener
52.9%
Ageless Body, Timeless MindDeepak Chopra
50%
Ben-HurLew Wallace
50%
Beyond Good and EvilFriedrich Nietzsche
50%
Blue Back SpellerNoah Webster
50%
The Bridges of Madison CountyJames Waller
50%
The Age of ReasonJean Paul Sartre
47.1%
Armies of the NightNorman Mailer
47.1%
The Bad SeedMaxwell Anderson
47.1%
Barchester TowersAnthony Trollope
47.1%
BluebeardKurt Vonnegut
47.1%
The Bronze HorsemanAlexander Pushkin
47.1%
AdoniasPercy Bysshe Shelly
44.1%
The Advancement of LearningFrancis Bacon
44.1%
Any Woman's BluesErica Jong
44.1%
Awake and Sing!Clifford Odets
44.1%
BestsellerOlivia Goldsmith
44.1%
Boston Cooking School Cook BookFannie Farmer
44.1%
Book Author % Correct
The Bridge of San Luis ReyThornton Wilder
44.1%
Bus StopWilliam Inge
44.1%
The African QueenC S Forester
41.2%
The Agony and the EcstasyIrving Stone
41.2%
The Art of HappinessDalai Lama
41.2%
Breathing LessonsAnne Tyler
41.2%
BeastPeter Benchley
38.2%
BrainRobin Cook
38.2%
Acceptable RiskRobin Cook
35.3%
BelleflourJoyce Carol Oates
35.3%
The BetsyHarold Robbins
35.3%
Billy BathgateE L Doctorow
35.3%
The Admirable CrichtonJames Barrie
32.4%
Anne of a Thousand DaysMaxwell Anderson
32.4%
Answered PrayersTruman Capote
32.4%
Be My GuestConrad Hilton
32.4%
The Black StallionWalter Farley
32.4%
Born FreeJoy Adamson
32.4%
The Boys of SummerRoger Kahn
32.4%
ArrowsmithSinclair Lewis
29.4%
Butterfield 8John O'Hara
29.4%
Barry LyndonWilliam Thackeray
26.5%
Anna and the King of SiamMargaret Landon
23.5%
The Basketball DiariesJim Carroll
23.5%
Advise and ConsentAllen Drury
20.6%
The Bridge on the River KwaiPierre Boulle
20.6%
The Burden of ProofScott Turow
20.6%
The Ascent of ManJacob Bronowski
17.6%
Ball FourJim Bouton
17.6%
A Book of Common PrayerJoan Didion
17.6%
Being ThereJerzy Kosinski
14.7%
The AlhambraWashington Irving
11.8%
Alice AdamsBooth Tarkington
11.8%
AndersonvilleMacKinlan Kantor
11.8%
Apocalypse WatchRobert Ludlum
11.8%
The American CrisisThomas Paine
5.9%
Book of VirtuesWilliam Bennett
5.9%

You're not logged in!

Compare scores with friends on all Sporcle quizzes.
Join for Free
OR
Log In

You Might Also Like...

Show Comments

Extras

Created Jul 9, 2015ReportNominate
Tags:Author Quiz, Book Quiz, a-b

Top Quizzes Today


Score Distribution

Your Account Isn't Verified!

In order to create a playlist on Sporcle, you need to verify the email address you used during registration. Go to your Sporcle Settings to finish the process.

Report this User

Report this user for behavior that violates our Community Guidelines.

Details: